Cálculo diferencial e integral; integrales /

Guardado en:
Autor Principal: Noriega, Ricardo J.
Formato: Libro
Publicado: Buenos Aires : Docencia, 1981
Materias:
Etiquetas: Agregar Etiqueta
Sin Etiquetas, Sea el primero en etiquetar este registro!
LEADER 00656nam a22001815a 4500
001 CEM.cems004680
005 20060217000000.0
008 130507s1981##################000#0#####d
003 CEMS
082 0 4 |a 517.3 
100 1 |a Noriega, Ricardo J. 
245 1 0 |a Cálculo diferencial e integral; integrales / 
260 |a Buenos Aires :  |b Docencia,  |c 1981 
300 |a 200 p. 
505 0 |a Medidas interior y exterior y conjuntos medibles Lebesgue; La integral de Lebesgue; Comparación de la integral de Lebesgue con la integral de Riemann; Diferenciación 
653 |a Integrales 
653 |a Matematica 
859 |a CEMS  |b BIB. CEMS - 11 de abril  |h 517.3  |i N774  |p 12854.83  |t Ej.1